000 01490 a2200217 4500
001 46013
005 20260407155733.0
008 260407a1962 arg spa d
003 AR-UNSa-BCEJYS
040 _aAR-UNSa-BCEJYS
_bspa
_cAR-UNSa-BCEJYS
080 _a101
_xNaturaleza y papel de la filosofía
245 1 0 _aLecciones preliminares de filosofía
250 _a8a. ed.
264 1 _aBuenos Aires :
_bLosada
_c1962
300 _ax, 409 p.
_c20 cm.
505 _a1. El conjunto de la filosofía – 2. El método de la filosofía – 3. La intuición como método de la filosofía – 4. Ingreso en la ontología – 5. La metafísica de Parménides – 6. El realismo de las ideas en plantón – 7. El realismo aristotélico – 8. La metafísica realista – 9. Origen del idealismo – 10. El sistema de descartes – 11. Fenomenología del conocimiento – 12. El empirismo inglés – 13. El racionalismo – 14. La metafísica del racionalismo – 15. El problema del idealismo trascendental – 16. La estética trascendental – 17. La estética trascendental (2ª parte) – 18. Analítica trascendental – 19. Dialéctica trascendental – 20. Fundamentos morales de la metafísica – 21. El idealismo después de Kant – 22. Entrada en la ontología – 23. De lo real y lo ideal – 24. Ontología de los valores – 25. Ontología de la vida.
041 _aspa
942 _cBK
590 _aniveau_biblio:m niveau_hierar:0
100 1 _aGarcía Morente, Manuel
999 _c4115
_d4115